LEADER 01064cam2 22002891 450 001 SOBE00043123 005 20160601140206.0 100 $a20140512d1974 |||||ita|0103 ba 101 $aita 102 $aIT 200 1 $a<<4: >>Commedie$fLudovico Ariosto$ga cura di Angela Casella, Gabriella Ronchi, Elena Varasi 210 $aMilano$cMondadori$d1974 215 $aXLIX, 1151 p.$d18 cm 461 1$1001E600200004666$12001 $aTutte le opere di Ludovico Ariosto ; a cura di Cesare Segre 700 1$aAriosto$b, Ludovico$3AF00007188$4070$0192228 702 1$aCasella, Angela$3A600200027764$4070 702 1$aRonchi, Gabriella$3A600200027765$4070 702 1$aVarasi, Elena$3A600200027766$4070 801 0$aIT$bUNISOB$c20160601$gRICA 850 $aUNISOB 852 $aUNISOB$j850|Coll|6|K$m22893 912 $aSOBE00043123 940 $aM 102 Monografia moderna SBN 941 $aM 957 $a850|Coll|6|K$b000042$gSI$d22893$racquisto$1catenacci$2UNISOB$3UNISOB$420140512131902.0$520160601140206.0$6catenacci 996 $aCommedie$998371 997 $aUNISOB